000 01104cam a22003254a 4500
999 _c127747
_d127747
001 13099250
003 ARRUPE
005 20180322115043.0
008 030128s2003 fr b 000 0 fre
010 _a 2003542123
020 _a2717845399
035 _a(FrPJT)JTL00107603
040 _aDLC
_cDLC
_dDLC
042 _apcc
050 0 0 _aBL60
_b.D366
082 0 0 _a306.6
_222
100 1 _aDelumeau, Jean
_940879
245 1 3 _aLe fait religieux :
_cJean Delumeau
260 _aParis :
_bFayard,
_c1991.
300 _a781 p. ;
_c24 cm.
650 0 _aReligion and sociology.
_940880
650 0 _aReligion and culture.
_9572
906 _a7
_bcbc
_corigres
_d3
_encip
_f20
_gy-gencatlg
942 _2lcc
_cMONOGRAPH